| 000 | 01001nam a2200229 i 4500 | ||
|---|---|---|---|
| 001 | 43919 | ||
| 003 | ES-MaACL | ||
| 005 | 20230906160917.0 | ||
| 007 | t| | ||
| 008 | 030320s1976 sp ||||1| spa d | ||
| 245 | 0 | 0 |
_aSituación actual y perspectivas de desarollo de Extremadura / _c[dir. Carlos Cavero Beyard]. |
| 260 |
_aMadrid : _bConfederación Española de Cajas de Ahorros : _b[A.G.E.S.A.], _c[1976] |
||
| 300 |
_a4 v. ; _c25 cm. |
||
| 505 | 8 | _aContiene: T. I: Infraestructura y servicios. -- T. II: Análisis de los sectores productivos. -- T. III: Análisis sociológico. -- T. IV: Panorama regional y líneas de actuación futura | |
| 700 | 1 |
_aCavero Beyard, Carlos. _937183 |
|
| 710 | 2 |
_aConfederación Española de Cajas de Ahorros. _93148 |
|
| 740 | 0 | _aInfraestructura y servicios. | |
| 740 | 0 | _aAnálisis de los sectores productivos. | |
| 740 | 0 | _aAnálisis sociológico. | |
| 740 | 0 | _aPanorama regional y líneas de actuación futura. | |
| 852 |
_aES-MaACL _jL-3281-4 _bR.104208 |
||
| 999 |
_c43919 _d43919 |
||